000 00360nam a2200121Ia 4500
005 20260326100040.0
008 260326s9999||||xx |||||||||||||| ||und||
100 _aZapatero, Juan Manuel
245 0 _aHistoria de las fortalezas de Santa Marta /
_cJuan Manuel Zapatero
260 _bAcademia Colombiana de Historia
650 _aARQUITECTURA COLONIAL
942 _cBK
999 _c6984
_d6984